W misji słowa

Titel: W misji słowa : [Jan] Twardowski - [Janusz Stanisław] Pasierb - [Konstanty] Damrot - św. Wojciech
Verfasser:
Veröffentlicht: Pelplin : Bernardinum, 1998
Umfang: 371, [5] S. : Abb.
Format: Buch
Sprache: Polnisch
ISBN: 8387668168
Buchumschlag
X
alg: 39553678
001A    $01999:12-11-16 
001B    $01999:30-05-21 $t14:42:43.000 
001D    $01999:12-11-16 
001U    $0utf8 
001X    $00 
002@    $0Aax 
003@    $0395536782 
004A    $083-87668-16-8 
007A    $0395536782 $aHEB 
007T    $0Herdt07045 
010@    $apol 
011@    $a1998 
021A    $aW misji słowa $d[Jan] Twardowski - [Janusz Stanisław] Pasierb - [Konstanty] Damrot - św. Wojciech 
027A    $aBei der Mission des Wortes. (Jan) Twardowski - (Janusz Stanisław) Pasierb - (Konstanty) Damrot - hl. Adalbert 
028A    $aLinkner $dTadeusz 
033A    $pPelplin $nBernardinum 
034D    $a371, [5] S. 
034M    $aAbb. 
045F    $a800 $eDDC23BSB 
045F/01 $a800 
045F/03 $g4382 
045F/03 $g43832 
046C    $aBei der Mission des Wortes. (Jan) Twardowski - (Janusz Stanisław) Pasierb - (Konstanty) Damrot - hl. Adalbert $bÜbers. des Hauptsacht. 

lok: 39553678 78

exp: 39553678 78 1 #EPN
201B/01 $029-05-18 $t22:56:12.000 
201U/01 $0utf8 
203@/01 $0792156528 
208@/01 $a12-11-16 $be 
209A/01 $a/ $f000 $x00 
220C/01 $aTitelaufnehmer: uz 
244Z/01 $2Trx $#Prusy Wschodnie i Zachodnie $8--Trx--Ost- und Westpreußen $x01 $939113373X 
244Z/01 $#Damroth, Konstantin $#Lubiński, Czesław $#Lublinski, Czeslaw $7119084708 $8--Tp1--Damrot, Konstanty$Z1841-1895 $x02 $9087424924 
244Z/01 $#Adalbert  $#Adalbert  $#Vojtěch, Adalbert $#Wojciech, Adalbert $#Woitech $#Adalbert  $#Adalbertus  $#Vojtěch  $#Adalbertus  $#Adalbert  $7118646850 $8--Tp1--$PAdalbertus$lPragensis$Z956-997 $x03 $9086987755 
244Z/01 $2Trx $8--Trx--Pasierb, Janusz Stanisław$Z1929-1993 $x04 $9390682586 
244Z/01 $2Trx $#Mistrz Twardowski $8--Trx--Twardowski, Jan $x05 $9390870153 
244Z/01 $2Trx $#kirjandus, Poola $#literatūra, lenkų $#Literature, Polish $#irodalom, lengyel $#literatura polska $#literatúra poľská $#literatura polská $8--Trx--Literatur, polnische $x06 $9391369008 
244Z/01 $2Trx $#kirjanikud $#rašytojai $#writers $#írók $#pisarze $#spisovatelia $#spisovatelé $8--Trx--Schriftsteller $x07 $9391382659 
244Z/01 $2Trx $8--Trx--Monographie $x08 $9391384546 
245Z/01 $a11.08 $x01 
247C/01 $82080>Marburg/Lahn, Herder-Institut, Forschungsbibliothek, Bibliographieportal $9336309341
LEADER 00000cam a22000002c 4500
001 395536782
003 DE-603
005 20210530144243.0
007 tu
008 161112s1998 xx |||| | u00||u|pol c
020 |a 8387668168 
035 |a (DE-599)HEB395536782 
040 |a DE-603  |b ger  |c DE-603  |d DE-603 
041 |a pol 
082 0 4 |8 1\u  |a 800  |q DE-101  |2 23/BSB 
085 |8 1\u  |b 800 
085 |8 1\u  |z 2  |s 4382 
085 |8 1\u  |z 2  |s 43832 
100 1 |a Linkner, Tadeusz 
245 0 0 |a W misji słowa  |b [Jan] Twardowski - [Janusz Stanisław] Pasierb - [Konstanty] Damrot - św. Wojciech 
246 1 |i Übers. des Hauptsacht.  |a Bei der Mission des Wortes. (Jan) Twardowski - (Janusz Stanisław) Pasierb - (Konstanty) Damrot - hl. Adalbert 
246 1 3 |a Bei der Mission des Wortes. (Jan) Twardowski - (Janusz Stanisław) Pasierb - (Konstanty) Damrot - hl. Adalbert 
264 1 |a Pelplin  |b Bernardinum  |c 1998 
300 |a 371, [5] S.  |b Abb. 
924 0 |9 2080  |a (DE-603)792156528  |b DE-2080  |c HES  |d d  |g /